000 01462nam0a2200349 4500
001 RU\NLR\bibl\581826
005 20260406030615.0
010 _a5-17-023234-9
_bв обл.
021 _aRU
_b2004-32448
_91631
035 _aRSL-KNO-002439745
035 _a(NLR Aleph) 000573823
090 _a1609404
_c1609404
100 _a20040603d2004 |||y0rusy50 ca
101 1 _arus
_ceng
102 _aRU
105 _ay |||||||||
106 _ar
200 1 _aНастоящий джентльмен
_eроман
_fДэнис Аллен
_g[Пер. с англ. Т. Н. Замиловой]
210 _aМ.
_cАСТ
_d2004
_eГУП ИПК Ульян. Дом печати
215 _a318, [9] с.
_d17
225 1 _aОчарование
225 1 _aМиниШАРМ
610 0 _aФилологические науки. Художественная литература -- США -- Американская литература -- с 1945 г. -- Произведения художественной литературы -- Художественная проза -- Романы. Повести. Рассказы
686 _aШ5(7США)62-644
_2rubbk
686 _aШ6(7США)67-440.4{Лх1979-50}
700 1 _4070
_8rus
_7ca
_aАллен
_bД.
_gДэнис
_3RU\NLR\auth\77878
_9110915
801 0 _aRU
_bRuMoRKP
_c20040603
_grcr
801 1 _aRU
_bRuMoRGB
_c20040603
801 2 _aRU
_bNLR
_c20041208
_gPSBO
942 _cBOOK
980 _aNB